Bảng phân loại thập phân Dewey
Zapisane w:
| 1. autor: | |
|---|---|
| Format: | Książka |
| Język: | Undetermined |
| Wydane: |
Hà Nội
2003
|
| Hasła przedmiotowe: | |
| Etykiety: |
Dodaj etykietę
Nie ma etykietki, Dołącz pierwszą etykiete!
|
| Thư viện lưu trữ: | Trung tâm Học liệu Trường Đại học Cần Thơ |
|---|
| LEADER | 00502nam a2200169Ia 4500 | ||
|---|---|---|---|
| 001 | CTU_68845 | ||
| 008 | 210402s9999 xx 000 0 und d | ||
| 082 | |a 025.431 | ||
| 082 | |b D519/T.1 | ||
| 100 | |a Dewey, Melvil | ||
| 245 | 0 | |a Bảng phân loại thập phân Dewey | |
| 245 | 0 | |c Melvil Dewey; Đoàn Huy Oánh biên dịch | |
| 260 | |a Hà Nội | ||
| 260 | |c 2003 | ||
| 650 | |a Classification, dewey decimal | ||
| 904 | |i Minh | ||
| 980 | |a Trung tâm Học liệu Trường Đại học Cần Thơ | ||